[Event "AUTO-MASTER-2065"]
[Site "http://www.queenalice.com/game.php?id=1292397"]
[Date "2014.7.4"]
[Round "2"]
[White "Rutty"]
[Black "Knightman"]
[Result "0-1"]
[WhiteElo "2033"]
[BlackElo "2371"]

1. d4 Nf6 2. c4 e6 3. Nf3 d5 4. e3 Be7 5. Nc3 O-O 6. cxd5 exd5 7. Bd3 c6 8. Qc2
Re8 9. O-O Nbd7 10. e4 dxe4 11. Nxe4 Nxe4 12. Bxe4 Nf6 13. Be3 Nxe4 14. Qxe4 Bd6
15. Qd3 h6 16. Qc3 Qf6 17. Rfe1 Be6 18. b4 Bd5 19. Nd2 Re6 20. a3 Rae8 21. Nf1
Qg6 22. Ng3 f5 23. f4 h5 24. h4 Qxg3 0-1

[Event "AUTO-MASTER-2065"]
[Site "http://www.queenalice.com/game.php?id=1292398"]
[Date "2014.7.4"]
[Round "2"]
[White "Knightman"]
[Black "Zugswang"]
[Result "1-0"]
[WhiteElo "2372"]
[BlackElo "2213"]

1. d4 Nf6 2. c4 c5 3. d5 b5 4. cxb5 a6 5. bxa6 Bxa6 6. Nc3 d6 7. Nf3 g6 8. Nd2
Bg7 9. e4 Nbd7 10. Bxa6 Rxa6 11. O-O O-O 12. Re1 Qc7 13. b3 Rb8 14. Bb2 Ne5 15.
Qe2 Rba8 16. Nb5 Qb6 17. Bxe5 dxe5 18. a4 Ne8 19. Nc4 Qb8 20. Qe3 Nd6 21. Nca3
Qb6 22. Rec1 f5 23. exf5 Rc8 24. fxg6 hxg6 25. Rab1 Nf5 26. Qd3 Kf7 27. b4 Rxa4
28. Nc4 Qf6 29. bxc5 Rxc5 30. Nxe5+ Qxe5 31. Rxc5 Rh4 32. g3 Re4 33. Rcc1 Bh6
34. Rc6 Re1+ 35. Rxe1 Qxe1+ 36. Kg2 Bg7 37. d6 exd6 38. Nxd6+ Nxd6 39. Qxd6 Qe4+
40. f3 Qe2+ 41. Kh3 Qf1+ 42. Kg4 Qb1 43. Qe6+ 1-0

[Event "AUTO-MASTER-2065"]
[Site "http://www.queenalice.com/game.php?id=1292399"]
[Date "2014.7.4"]
[Round "2"]
[White "Zugswang"]
[Black "Knightman"]
[Result "1/2-1/2"]
[WhiteElo "2206"]
[BlackElo "2373"]

1. e4 e5 2. f4 d6 3. Bc4 Nf6 4. d3 Nc6 5. Nc3 Na5 6. Bb3 Nxb3 7. axb3 Be7 8. f5
O-O 9. Nf3 d5 10. O-O Re8 11. h3 c6 12. g4 Qd6 13. g5 Nd7 14. Kh2 a6 15. Qe2 d4
16. Nd1 f6 17. Qg2 b6 18. Nf2 fxg5 19. Bxg5 Bxg5 20. Nxg5 Nf6 21. Rg1 Ra7 22.
Ng4 Rf8 23. Qg3 Nxg4+ 24. Qxg4 Re7 25. Rg3 Rf6 26. h4 Rh6 27. Kg2 Qc5 28. Rc1
Rf6 29. h5 Bd7 30. Nf3 Qd6 31. Qg5 Be8 32. Nh2 h6 33. Qh4 Kh7 34. Qg4 Qb4 35.
Nf3 Qa5 36. Kh3 Qc5 37. Nh4 Kg8 38. Rg2 Qd6 39. Rcg1 c5 40. Qf3 Rd7 41. Ng6
1/2-1/2

[Event "AUTO-MASTER-2084"]
[Site "http://www.queenalice.com/game.php?id=1295731"]
[Date "2014.7.19"]
[Round "2"]
[White "serrato987"]
[Black "Knightman"]
[Result "0-1"]
[WhiteElo "2027"]
[BlackElo "2379"]

1. e4 e5 2. Nf3 Nc6 3. Bc4 Bc5 4. c3 Nf6 5. d4 exd4 6. cxd4 Bb4+ 7. Nc3 Nxe4 8.
O-O Bxc3 9. bxc3 d5 10. Bd3 O-O 11. Qc2 Re8 12. Bxe4 dxe4 13. Ng5 Qd5 14. f3
Nxd4 15. Qd2 e3 16. Re1 Qxg5 17. Qxd4 Bh3 18. Re2 Rad8 19. Qa4 Qb5 20. Qc2 Bf5
0-1

[Event "AUTO-MASTER-2084"]
[Site "http://www.queenalice.com/game.php?id=1295732"]
[Date "2014.7.19"]
[Round "2"]
[White "Knightman"]
[Black "serrato987"]
[Result "0-1"]
[WhiteElo "2140"]
[BlackElo "2029"]

1. d4 Nf6 2. c4 e6 3. Nf3 b6 4. g3 Bb7 5. Bg2 d5 6. cxd5 exd5 7. Nc3 Be7 8. O-O
Nbd7 9. Nh4 O-O 10. Nf5 Re8 11. Bf4 Nf8 12. e3 Ng6 13. Nxe7+ Rxe7 14. Bg5 Re6
15. a4 a6 16. a5 h6 17. Bxf6 Rxf6 18. Qb3 Rd6 19. Rfc1 Rc8 0-1

[Event "AUTO-MASTER-2084"]
[Site "http://www.queenalice.com/game.php?id=1295735"]
[Date "2014.7.19"]
[Round "2"]
[White "Knightman"]
[Black "TheWatcher"]
[Result "0-1"]
[WhiteElo "2185"]
[BlackElo "2206"]

1. d4 Nf6 2. c4 e6 3. Nf3 b6 4. g3 Bb7 5. Bg2 c5 6. O-O Be7 7. Nc3 d5 8. dxc5
Bxc5 9. cxd5 exd5 10. Bg5 d4 11. Nb5 Nbd7 12. Nbxd4 O-O 13. Qa4 h6 14. Be3 Be4
15. b4 Bxd4 16. Bxd4 a5 17. Rfc1 axb4 18. Qxb4 Ra5 19. Rd1 Nd5 20. Qb2 f6 21.
Nd2 Bxg2 22. Kxg2 Qa8 23. e4 Nc7 24. Bxb6 Rb5 25. Qc3 Nxb6 26. Qxc7 f5 27. a4
Rb2 0-1

[Event "AUTO-MASTER-2084"]
[Site "http://www.queenalice.com/game.php?id=1295736"]
[Date "2014.7.19"]
[Round "2"]
[White "TheWatcher"]
[Black "Knightman"]
[Result "1-0"]
[WhiteElo "2194"]
[BlackElo "2197"]

1. e4 e5 2. Nf3 Nc6 3. Bb5 a6 4. Ba4 Nf6 5. O-O Be7 6. Re1 b5 7. Bb3 O-O 8. h3
d6 9. c3 Na5 10. Bc2 c5 11. d3 Qc7 12. Nbd2 Bd7 13. a4 Rfc8 14. axb5 axb5 15. b3
Nc6 16. Bb2 b4 17. Nc4 bxc3 18. Bxc3 Rxa1 19. Qxa1 Qb7 20. Na5 Nxa5 21. Bxa5 Bd8
22. Bc3 Ra8 23. Qb2 Ba5 24. Ra1 Bxc3 25. Rxa8+ Qxa8 26. Qxc3 Qb8 27. g4 Ne8 28.
Nh4 1-0

[Event "AUTO-ELITE-1369"]
[Site "http://www.queenalice.com/game.php?id=1299326"]
[Date "2014.8.4"]
[Round "1"]
[White "poetadosnumeros"]
[Black "Knightman"]
[Result "1-0"]
[WhiteElo "2280"]
[BlackElo "2258"]

1. e4 c6 2. d4 d5 3. Nc3 dxe4 4. Nxe4 Bf5 5. Ng3 Bg6 6. h4 h6 7. Nf3 e6 8. Bd3
Bxd3 9. Qxd3 Nf6 10. Bd2 Nbd7 11. O-O-O Bd6 12. Ne4 Nxe4 13. Qxe4 Qb6 14. c4 Qa6
15. c5 Nf6 16. Qc2 1-0

[Event "AUTO-ELITE-1369"]
[Site "http://www.queenalice.com/game.php?id=1299327"]
[Date "2014.8.4"]
[Round "1"]
[White "Knightman"]
[Black "poetadosnumeros"]
[Result "0-1"]
[WhiteElo "2270"]
[BlackElo "2268"]

1. d4 e6 2. c4 Nf6 3. Nf3 d5 4. e3 Be7 5. Nc3 O-O 6. b3 c5 7. dxc5 Bxc5 8. cxd5
Bb4 9. Bd2 Nxd5 10. Nxd5 Bxd2+ 11. Qxd2 exd5 12. Rd1 Be6 13. Bc4 Qe7 14. Bxd5
Na6 0-1

[Event "AUTO-ELITE-1369"]
[Site "http://www.queenalice.com/game.php?id=1299332"]
[Date "2014.8.4"]
[Round "1"]
[White "EddieK"]
[Black "Knightman"]
[Result "1-0"]
[WhiteElo "2223"]
[BlackElo "2234"]

1. d3 d5 2. g3 e5 3. d4 exd4 4. Qxd4 Nc6 5. Qd1 Bf5 6. Nf3 Nf6 7. Bg2 Qd7 8. c3
Be7 9. Bf4 O-O-O 10. Nbd2 Bh3 11. Bxh3 1-0

[Event "AUTO-ELITE-1369"]
[Site "http://www.queenalice.com/game.php?id=1299333"]
[Date "2014.8.4"]
[Round "1"]
[White "Knightman"]
[Black "EddieK"]
[Result "0-1"]
[WhiteElo "2247"]
[BlackElo "2210"]

1. d4 Nf6 2. c4 e5 3. dxe5 Ng4 4. Nc3 Nxe5 5. e4 Bb4 6. Nf3 Bxc3+ 7. bxc3 Nxf3+
8. Qxf3 O-O 9. c5 Qe7 10. Be3 b6 0-1

[Event "AUTO-OPEN-3216"]
[Site "http://www.queenalice.com/game.php?id=1300771"]
[Date "2014.8.10"]
[Round "2"]
[White "Knightman"]
[Black "legorille"]
[Result "0-1"]
[WhiteElo "2125"]
[BlackElo "1844"]

1. d4 d5 2. c4 c6 3. Nf3 Nf6 4. Nc3 e6 5. e3 Bb4 6. Bd3 O-O 7. O-O h6 8. Qb3 Bd6
9. e4 dxc4 10. Bxc4 Bc7 11. Rd1 Nbd7 12. Be3 Nb6 13. Be2 Ng4 14. Bc1 a5 15. e5
Rb8 16. h3 Nxf2 0-1

[Event "AUTO-OPEN-3216"]
[Site "http://www.queenalice.com/game.php?id=1300772"]
[Date "2014.8.10"]
[Round "2"]
[White "legorille"]
[Black "Knightman"]
[Result "1-0"]
[WhiteElo "1871"]
[BlackElo "2105"]

1. e4 c6 2. d4 d5 3. Nc3 dxe4 4. Nxe4 Bf5 5. Ng3 Bg6 6. Nf3 e6 7. Bd3 Bxd3 8.
Qxd3 Nd7 9. O-O Ngf6 10. Bg5 h6 11. Bf4 g5 12. Be3 Qc7 13. c3 Bd6 14. Rad1 O-O-O
15. h3 g4 16. hxg4 1-0